Pays les plus riches - Mort subite - Statistiques

Statistiques générales
  • Ce quiz a été pris 724 fois
  • Le résultat moyen est 4 sur 18
Answers on the Grid
Answers color-coded by a green-red scale on the quiz's grid according to % correct below.
Antigua-et-Barbuda
Arabie saoudite
Bahamas
Biélorussie
Brunei
Bulgarie
Chili
Croatie
Estonie
Géorgie
Grèce
Guyana
Hongrie
Île Maurice
Israël
Japon
Kazakhstan
Koweït
Lituanie
Malaisie
Maldives
Monténégro
Nouvelle-Zélande
Panama
Pologne
Portugal
République tchèque
Roumanie
Russie
Saint-Christophe-et-Niévès
Serbie
Seychelles
Trinité-et-Tobago
Turquie
Uruguay
Vatican
 
Statistiques - réponses
Réponse % Correct
Japon
62%
Arabie saoudite
47%
Russie
43%
Israël
42%
Nouvelle-Zélande
30%
Koweït
28%
Portugal
20%
Pologne
15%
Brunei
13%
Croatie
13%
Grèce
12%
République tchèque
11%
Hongrie
9%
Malaisie
8%
Estonie
6%
Lituanie
5%
Roumanie
4%
Guyana
2%
Aucun quiz correspondant
Distribution des résultats
% des personnes avec chaque résultat
Percentile par nombre de réponses
Votre historique - résultats
Vous n’avez pas pris ce quiz